| 000 | 00517nam a22002057a 4500 | ||
|---|---|---|---|
| 003 | CO-ViMGA | ||
| 005 | 20230915225017.0 | ||
| 008 | 150706b xxu||||| |||| 00| 0 eng d | ||
| 020 | _a9789589699355 | ||
| 040 |
_aCO-ViMGA _bspa _cCO-ViMGA |
||
| 090 | _bP ADI2 | ||
| 100 | 1 | _4MAÍIA FE QUESADA | |
| 245 | 1 | 0 | _aADIVINA ADIVINANZA |
| 250 | _aLEER ES MI CUENTO | ||
| 260 |
_aBOGOTA _bEVEREST _c2013 |
||
| 300 | _a{43} PAGINAS | ||
| 650 | 1 | 4 | _2ADIVINANZAS PARA NIÑOS |
| 700 | 1 | _4RAQUEL LOPEZ VARELA | |
| 942 |
_2ddc _cBK |
||
| 999 |
_c129 _d129 |
||